[Event "EVERY START POSITION + VARIANT #9 'Caro-Kann&q"]
[Site "SchemingMind.com"]
[Date "2016.03.27"]
[Round "-"]
[White "Scooter"]
[Black "DANDYLIONHONEYBADGER"]
[Result "1-0"]
[WhiteCountry "USA"]
[BlackCountry "USA"]
[WhiteElo "1745"]
[WhiteRD "53"]
[BlackElo "1334"]
[BlackRD "59"]
[GameID "397234"]

1. e4 c6 2. d4 d5 3. Nd2 g6 4. exd5 cxd5 5. Ngf3 f6 6. Bb5+ Bd7 7. Bxd7+ Nxd7 8. O-O Bh6 9. Re1 e6 10. Rxe6+ Ne7
11. Qe2 Bf8 12. Nb3 Kf7 13. Bd2 h6 14. Bb4 Nf5 15. Bxf8 Nxf8 16. Nc5 Nxe6 17. Qxe6+ Kg7 18. Nxb7 Qe8 19. Qxd5 Rb8 20. b3 Ne7
21. Qe4 Qd7 22. Nc5 Qe8 23. Re1 Rb6 24. Qxe7+ Qf7 25. Ne6+ Kg8 26. Qxf7+ Kxf7 27. d5 Rb5 28. c4 Rbb8 29. Nfd4 Rhe8 30. Nb5 Rb6
31. a4 Re7 32. Kf1 a6 33. Nbd4 h5 34. Nd8+ Kf8 35. N4e6+ Kg8 36. Nc6 Re8 37. b4 a5 38. b5 Rb7 39. c5 Rd7 40. Nxa5 Rxd5
41. Nc7 Rxe1+ 42. Kxe1 Rxc5 43. Na6 Rc1+ 44. Kd2 Rf1 45. b6 Rxf2+ 46. Kc3 Re2 47. b7 Re3+ 48. Kb4 Re4+ 49. Nc4 Re8 50. b8=Q Rxb8+
51. Nxb8 f5 52. a5 h4 53. a6 f4 54. a7 h3 55. gxh3 f3 56. a8=Q f2 57. Nd7+ Kh7 58. Ne3 Kh6 59. Qh8+ Kg5 60. Qf6+ Kh5
61. Ne5
1-0

[Event "EVERY START POSITION + VARIANT #9 'Caro-Kann&q"]
[Site "SchemingMind.com"]
[Date "2016.03.27"]
[Round "-"]
[White "DANDYLIONHONEYBADGER"]
[Black "Scooter"]
[Result "0-1"]
[WhiteCountry "USA"]
[BlackCountry "USA"]
[WhiteElo "1297"]
[WhiteRD "64"]
[BlackElo "1761"]
[BlackRD "49"]
[GameID "397235"]

1. e4 c6 2. d4 d5 3. Nd2 dxe4 4. Nxe4 Bf5 5. Qf3 Bxe4 6. Qxe4 Nf6 7. Qd3 g6 8. Be3 Bg7 9. c3 O-O 10. Be2 Nbd7
11. Bf3 Ne5 12. Qe2 Nxf3+ 13. gxf3 e6 14. O-O-O Qc7 15. Qd2 Rad8 16. Ne2 c5 17. Bf4 Qc6 18. h4 Nh5 19. Bh2 Qxf3 20. Rhf1 cxd4
21. Nxd4 Bxd4 22. cxd4 Qf5 23. f4 Rc8+
0-1

[Event "EVERY START POSITION + VARIANT #9 'Caro-Kann&q"]
[Site "SchemingMind.com"]
[Date "2016.04.04"]
[Round "-"]
[White "Scooter"]
[Black "Chessibelle"]
[Result "1-0"]
[WhiteCountry "USA"]
[BlackCountry "ENG"]
[WhiteElo "1710"]
[WhiteRD "48"]
[BlackElo "1135"]
[BlackRD "61"]
[GameID "397668"]

1. e4 c6 2. d4 d5 3. Nd2 Nf6 4. exd5 Qxd5 5. c3 g5 6. Ngf3 e6 7. Bc4 Qf5 8. O-O Bd6 9. Re1 b5 10. Bb3 Bb7
11. Bc2 Qd5 12. Nf1 Nbd7 13. Bxg5 h6 14. Bxf6 Nxf6 15. h3 O-O-O 16. g4 Rhg8 17. Kh1 c5 18. Nh2 Bc7 19. dxc5 Qxc5 20. Qe2 Bb6
21. Kg1 Qh5 22. Rad1 Bd5 23. Qxb5 Bxf3 24. Nxf3 Qxh3 25. Rxd8+ Kxd8 26. Rd1+ Kc8 27. Ne5 h5 28. Rd2 hxg4 29. Qc6+ Bc7 30. Qa6+ Kb8
31. Nc6+ Ka8 32. Qxa7#
1-0

[Event "EVERY START POSITION + VARIANT #9 'Caro-Kann&q"]
[Site "SchemingMind.com"]
[Date "2016.04.04"]
[Round "-"]
[White "Chessibelle"]
[Black "Scooter"]
[Result "1-0"]
[WhiteCountry "ENG"]
[BlackCountry "USA"]
[WhiteElo "1135"]
[WhiteRD "61"]
[BlackElo "1710"]
[BlackRD "48"]
[GameID "397669"]

1. e4 c6 2. d4 d5 3. Nd2 dxe4 4. Nxe4 Bf5 5. Bd3 Bxe4 6. Bxe4 Nf6 7. Bd3 Nbd7 8. Nf3 e6 9. Bd2 Be7 10. O-O O-O
11. h3 h6 12. b4 Nd5 13. Qe2 Bxb4 14. Qe4 Bxd2 15. Qh7#
1-0

[Event "EVERY START POSITION + VARIANT #9 'Caro-Kann&q"]
[Site "SchemingMind.com"]
[Date "2016.04.09"]
[Round "-"]
[White "Chessibelle"]
[Black "DANDYLIONHONEYBADGER"]
[Result "1-0"]
[WhiteCountry "ENG"]
[BlackCountry "USA"]
[WhiteElo "1195"]
[WhiteRD "64"]
[BlackElo "1297"]
[BlackRD "64"]
[GameID "397670"]

1. e4 c6 2. d4 d5 3. Nd2 Nf6 4. Bd3 dxe4 5. Nxe4 Nxe4 6. Bxe4 f5 7. Bd3 g6 8. Nf3 Nd7 9. Bf4 e6 10. a3 b5
11. c3 Bb7 12. O-O h6 13. Qe1 g5 14. Qxe6+ Qe7 15. Qg6+ Qf7 16. Rfe1+ Be7 17. Qd6 O-O 18. Qxd7 Bf6 19. Qxf5 Bc8 20. Qe4 gxf4
21. Qxf4 Rb8 22. Qxh6 Bg7 23. Qh7#
1-0

[Event "EVERY START POSITION + VARIANT #9 'Caro-Kann&q"]
[Site "SchemingMind.com"]
[Date "2016.04.09"]
[Round "-"]
[White "DANDYLIONHONEYBADGER"]
[Black "Chessibelle"]
[Result "1-0"]
[WhiteCountry "USA"]
[BlackCountry "ENG"]
[WhiteElo "1297"]
[WhiteRD "64"]
[BlackElo "1195"]
[BlackRD "64"]
[GameID "397671"]

1. e4 c6 2. d4 d5 3. Nd2 Nf6 4. Bd3 Bg4 5. f3 Be6 6. Nb3 Bd7 7. Ne2 g6 8. h4 e6 9. Nc5 Bc8 10. Be3 Nbd7
11. Nxd7 Bxd7 12. g4 Be7 13. g5 Nh5 14. Nf4 Ng7 15. Qd2 h6 16. O-O-O Qb6 17. Qc3 Bd6 18. e5 Be7 19. Ne2 Nf5 20. Bf2 a6
21. f4 a5 22. Ng3 Ng7 23. Be3 Nf5 24. Nxf5 exf5 25. h5 O-O-O 26. Kd2 f6 27. a3 Be6 28. exf6 Bf8 29. hxg6 Bd6 30. g7 Rh7
31. Rh5 Qc7 32. gxh6 Qf7 33. Qxa5 Qxh5 34. Rg1 Qh2+ 35. Kc3 Qxh6 36. Qa8+ Bb8 37. Bxf5 Bxf5 38. g8=Q Qh2 39. Qxd8+ Kxd8 40. Qxb8+ Kd7
41. Qxb7+ Kd8 42. Rg8#
1-0

[Event "EVERY START POSITION + VARIANT #9 'Caro-Kann&q"]
[Site "SchemingMind.com"]
[Date "2016.04.07"]
[Round "-"]
[White "Scooter"]
[Black "ray winteringham"]
[Result "1-0"]
[WhiteCountry "USA"]
[BlackCountry "ENG"]
[WhiteElo "1710"]
[WhiteRD "48"]
[BlackElo "1485"]
[BlackRD "53"]
[GameID "397745"]

1. e4 c6 2. d4 d5 3. Nd2 dxe4 4. Nxe4 Bf5 5. Ng3 Bg6 6. Nf3 e6 7. Bd3 Be7 8. O-O Nf6 9. Re1 O-O 10. Bg5 Nbd7
11. Bxg6 fxg6 12. Rxe6 h6 13. Bxf6 gxf6 14. c3 g5 15. Nf5 Kh7 16. Rxe7+ Kg6 17. g4 Rg8 18. Qc2 Qf8 19. N5h4#
1-0

[Event "EVERY START POSITION + VARIANT #9 'Caro-Kann&q"]
[Site "SchemingMind.com"]
[Date "2016.04.07"]
[Round "-"]
[White "ray winteringham"]
[Black "Scooter"]
[Result "0-1"]
[WhiteCountry "ENG"]
[BlackCountry "USA"]
[WhiteElo "1485"]
[WhiteRD "53"]
[BlackElo "1710"]
[BlackRD "48"]
[GameID "397746"]

1. e4 c6 2. d4 d5 3. Nd2 dxe4 4. Nxe4 Bf5 5. Ng3 Bg6 6. Be2 Nd7 7. Nf3 Qc7 8. c3 O-O-O 9. O-O e6 10. Be3 Ngf6
11. h3 Bd6 12. Qe1 Bxg3 13. fxg3 Ne4 14. Bf4 Qb6 15. Qc1 Ndf6 16. Be3 Nxg3 17. d5 Nxe2+ 18. Kh1 Nxc1 19. Bxb6 axb6 20. Raxc1 Rxd5
21. a3 Ne4 22. Kg1 Nd2 23. Nxd2 Rxd2 24. b4 Rhd8 25. Kh2 Ra2 26. Ra1 Rdd2 27. Rxa2 Rxa2
0-1

[Event "EVERY START POSITION + VARIANT #9 'Caro-Kann&q"]
[Site "SchemingMind.com"]
[Date "2016.04.07"]
[Round "-"]
[White "ray winteringham"]
[Black "Chessibelle"]
[Result "1-0"]
[WhiteCountry "ENG"]
[BlackCountry "ENG"]
[WhiteElo "1485"]
[WhiteRD "53"]
[BlackElo "1135"]
[BlackRD "61"]
[GameID "397747"]

1. e4 c6 2. d4 d5 3. Nd2 Nf6 4. e5 Ne4 5. Bd3 Ng5 6. Nb3 Ne6 7. Ne2 f6 8. f4 Bd7 9. f5 Ng5 10. e6 Bc8
11. Ng3 Na6 12. Bxa6 bxa6 13. Bxg5 fxg5 14. Qh5+ g6 15. fxg6 Bg7 16. gxh7+ Kf8 17. Qf7#
1-0

[Event "EVERY START POSITION + VARIANT #9 'Caro-Kann&q"]
[Site "SchemingMind.com"]
[Date "2016.04.07"]
[Round "-"]
[White "Chessibelle"]
[Black "ray winteringham"]
[Result "0-1"]
[WhiteCountry "ENG"]
[BlackCountry "ENG"]
[WhiteElo "1135"]
[WhiteRD "61"]
[BlackElo "1485"]
[BlackRD "53"]
[GameID "397748"]

1. e4 c6 2. d4 d5 3. Nd2 e6 4. Ngf3 dxe4 5. Nxe4 Be7 6. Be2 f5 7. Nc3 Nf6 8. Bd2 O-O 9. a3 b5 10. O-O Bb7
11. g3 h6 12. b4 a6 13. Ne5 Qxd4 14. Nf3 Qd8 15. Ne5 Nbd7 16. Ng6 Rf7 17. Bd3 c5 18. Ne2 c4 19. Nef4 cxd3 20. cxd3 Nd5
21. Nxe6 Qc8 22. Qh5 N7f6 23. Qe2 Qc6 24. Nd4 Nc3 25. Qe1 Qg2#
0-1

[Event "EVERY START POSITION + VARIANT #9 'Caro-Kann&q"]
[Site "SchemingMind.com"]
[Date "2016.04.12"]
[Round "-"]
[White "ray winteringham"]
[Black "DANDYLIONHONEYBADGER"]
[Result "1-0"]
[WhiteCountry "ENG"]
[BlackCountry "USA"]
[WhiteElo "1496"]
[WhiteRD "54"]
[BlackElo "1309"]
[BlackRD "68"]
[GameID "397749"]

1. e4 c6 2. d4 d5 3. Nd2 Nf6 4. e5 Ne4 5. Bd3 Nxd2 6. Bxd2 g6 7. Nf3 h5 8. O-O f6 9. Bxg6+ Kd7 10. e6+ Kxe6
11. Qe2+ Kd7 12. Rfe1 Kc7 13. Bf4+ e5 14. Nxe5 Bd6 15. Nf7
1-0

[Event "EVERY START POSITION + VARIANT #9 'Caro-Kann&q"]
[Site "SchemingMind.com"]
[Date "2016.04.12"]
[Round "-"]
[White "DANDYLIONHONEYBADGER"]
[Black "ray winteringham"]
[Result "0-1"]
[WhiteCountry "USA"]
[BlackCountry "ENG"]
[WhiteElo "1297"]
[WhiteRD "64"]
[BlackElo "1491"]
[BlackRD "56"]
[GameID "397750"]

1. e4 c6 2. d4 d5 3. Nd2 e6 4. Bd3 dxe4 5. Nxe4 Bb4+ 6. c3 Ba5 7. b4 Bb6 8. Ne2 Nf6 9. f3 O-O 10. Bg5 Nbd7
11. Nxf6+ Nxf6 12. h3 h6 13. Be3 Bd7 14. g4 Bc7 15. O-O Nd5 16. Bd2 Qh4 17. f4 Qxh3 18. Nc1 Qg3+ 19. Kh1 g5 20. Qf3 Qxf3+
21. Rxf3 Nxf4 22. Be4 e5 23. Nd3 Bxg4 24. Rg3 h5 25. Nxe5 f6 26. Nd7 Rf7 27. Nc5 Nh3 28. Be3 Bxg3 29. Nd3 Re8 30. Kg2 Rxe4
0-1

[Event "EVERY START POSITION + VARIANT #9 'Caro-Kann&q"]
[Site "SchemingMind.com"]
[Date "2016.04.10"]
[Round "-"]
[White "Scooter"]
[Black "Simon Green"]
[Result "1-0"]
[WhiteCountry "USA"]
[BlackCountry "ENG"]
[WhiteElo "1710"]
[WhiteRD "48"]
[BlackElo "1617"]
[BlackRD "56"]
[GameID "397765"]

1. e4 c6 2. d4 d5 3. Nd2 e6 4. exd5 cxd5 5. Bb5+ Bd7 6. Bxd7+ Nxd7 7. Ngf3 Be7 8. O-O Ngf6 9. Re1 O-O 10. c3 Qc7
11. h3 Nh5 12. Ne5 g6 13. Ndf3 Nxe5 14. Nxe5 Bd6 15. Bh6 Rfe8 16. Qf3 f5 17. Re2 Nf6 18. Rae1 Ne4 19. Qd3 Bxe5 20. dxe5 Nc5
21. Qg3 Ne4 22. Qe3 Rac8 23. Qxa7 Re7 24. Qe3 Nc5 25. Bg5 Rd7 26. Bf6 Ne4 27. Qh6 Rf7 28. f3 Nxf6 29. exf6 Re8 30. Rxe6 Rxe6
31. Rxe6 Qc5+ 32. Kh1 Qf2 33. Re8+
1-0

[Event "EVERY START POSITION + VARIANT #9 'Caro-Kann&q"]
[Site "SchemingMind.com"]
[Date "2016.04.08"]
[Round "-"]
[White "Simon Green"]
[Black "Scooter"]
[Result "0-1"]
[WhiteCountry "ENG"]
[BlackCountry "USA"]
[WhiteElo "1617"]
[WhiteRD "56"]
[BlackElo "1710"]
[BlackRD "48"]
[GameID "397766"]

1. e4 c6 2. d4 d5 3. Nd2 dxe4 4. Nxe4 Bf5 5. Bd3 Qxd4 6. Nf3 Qb4+ 7. c3 Qa5 8. O-O Bxe4 9. Bxe4 Nf6 10. Bc2 Nbd7
11. Be3 e6 12. b4 Qc7 13. h3 Be7 14. Nd4 O-O-O 15. Qe2 Nd5 16. Bd2 N7f6 17. a4 Nxb4 18. Nxe6 fxe6 19. cxb4 e5 20. Bf5+ Kb8
21. Bc3 Bd6 22. Rfe1 Rde8 23. a5 g6 24. Bd3 Nd5 25. g3 Nxc3 26. Qc2 Bxb4 27. Rac1 Bxa5 28. Re3 Nd5 29. Rf3 Nb4 30. Qe2 Nxd3
31. Rxd3 Rhf8 32. Rcd1 Rxf2 33. Kxf2 e4 34. Rd7 Qe5 35. Rxh7 Bc7 36. Qg4 e3+ 37. Kg2 Qb2+ 38. Kh1 e2 39. Re1 Qd2 40. Rxe2 Qd1+
41. Kg2 Rxe2+
0-1

[Event "EVERY START POSITION + VARIANT #9 'Caro-Kann&q"]
[Site "SchemingMind.com"]
[Date "2016.04.09"]
[Round "-"]
[White "ray winteringham"]
[Black "Simon Green"]
[Result "1-0"]
[WhiteCountry "ENG"]
[BlackCountry "ENG"]
[WhiteElo "1485"]
[WhiteRD "53"]
[BlackElo "1617"]
[BlackRD "56"]
[GameID "397767"]

1. e4 c6 2. d4 d5 3. Nd2 dxe4 4. Nxe4 Bf5 5. f3 Bxe4 6. fxe4 e6 7. Nf3 Nf6 8. Bg5 Be7 9. Bd3 Nbd7 10. O-O h6
11. Bh4 O-O 12. c4 Ng4 13. Bxe7 Qxe7 14. Qc1 Ndf6 15. e5 Nh7 16. h3 f5 17. hxg4 fxg4 18. Nh2 Rxf1+ 19. Qxf1 Rf8 20. Bxh7+ Kxh7
21. Qd3+ g6 22. Nxg4 Rf5 23. Nf2 Qh4 24. Rf1 Rh5 25. Nh3 Qe7 26. Rf6 Rf5 27. Rxf5 gxf5 28. a3 c5 29. d5 Kg6 30. dxe6 Qxe6
31. Nf4+
1-0

[Event "EVERY START POSITION + VARIANT #9 'Caro-Kann&q"]
[Site "SchemingMind.com"]
[Date "2016.04.08"]
[Round "-"]
[White "Simon Green"]
[Black "ray winteringham"]
[Result "1-0"]
[WhiteCountry "ENG"]
[BlackCountry "ENG"]
[WhiteElo "1617"]
[WhiteRD "56"]
[BlackElo "1485"]
[BlackRD "53"]
[GameID "397768"]

1. e4 c6 2. d4 d5 3. Nd2 dxe4 4. Nxe4 Bf5 5. Nc3 e6 6. Bd3 Bb4 7. Ne2 Ne7 8. O-O Bd6 9. Bxf5 Nxf5 10. Ne4 Bc7
11. c3 Bxh2+ 12. Kxh2 Qh4+ 13. Kg1 Qxe4 14. f3 Qh4 15. Qe1 Qe7 16. Bf4 O-O 17. Ng3 Nxg3 18. Qxg3 Kh8 19. Kf2 Nd7 20. Bd6 Qf6
21. Bxf8 Rxf8 22. Qd6 Qd8 23. Rh1 Qc8 24. Rh3 Nf6 25. g4 g5 26. Qe5 Qd8 27. Rh6 Kg7 28. Qxg5+ Kh8 29. Rxf6 Rg8 30. Qe5 Rg6
31. Rxg6+
1-0

[Event "EVERY START POSITION + VARIANT #9 'Caro-Kann&q"]
[Site "SchemingMind.com"]
[Date "2016.04.08"]
[Round "-"]
[White "Simon Green"]
[Black "Chessibelle"]
[Result "1-0"]
[WhiteCountry "ENG"]
[BlackCountry "ENG"]
[WhiteElo "1617"]
[WhiteRD "56"]
[BlackElo "1135"]
[BlackRD "61"]
[GameID "397769"]

1. e4 c6 2. d4 d5 3. Nd2 Nf6 4. e5 Ng4 5. f4 f6 6. Qf3 h5 7. h3 g6 8. Qg3 Bf5 9. Bd3 Bh6 10. hxg4 Be6
11. Bxg6+ Kd7 12. f5 Bg8 13. e6+ Kc8 14. Rxh5 Na6 15. Nb3 Qb6 16. Rxh6 Rxh6 17. Bxh6 Qd8 18. O-O-O Nb4 19. Kb1 Qb6 20. Nf3 Qb5
21. Nfd2 b6 22. g5 Kb7 23. gxf6 Qa6 24. a3 Qe2 25. Re1 Qb5 26. f7 Na6 27. f8=Q Nc7 28. Qxe7 Ka6 29. Qexc7 c5 30. dxc5
1-0

[Event "EVERY START POSITION + VARIANT #9 'Caro-Kann&q"]
[Site "SchemingMind.com"]
[Date "2016.04.08"]
[Round "-"]
[White "Chessibelle"]
[Black "Simon Green"]
[Result "0-1"]
[WhiteCountry "ENG"]
[BlackCountry "ENG"]
[WhiteElo "1135"]
[WhiteRD "61"]
[BlackElo "1617"]
[BlackRD "56"]
[GameID "397770"]

1. e4 c6 2. d4 d5 3. Nd2 dxe4 4. Nxe4 Nf6 5. f3 Nxe4 6. fxe4 e6 7. Nf3 Be7 8. Bd2 O-O 9. Be2 Nd7 10. O-O Nf6
11. Bd3 Nd7 12. c3 Qb6 13. b4 Nf6 14. a3 Bd7 15. Ng5 e5 16. Be3 Ng4 17. Nf3 Nxe3 18. Qd2 Nxf1 19. Kxf1 exd4 20. cxd4 Bg4
21. Qe3 Bxf3 22. gxf3 Rad8 23. e5 Qxd4 24. Re1 Qxd3+ 25. Kg2 Qxe3 26. Rxe3 Rd2+ 27. Kh3 Rfd8 28. Kg3 R8d3 29. h3 Rxe3 30. Kf4 Rdd3
0-1

[Event "EVERY START POSITION + VARIANT #9 'Caro-Kann&q"]
[Site "SchemingMind.com"]
[Date "2016.04.12"]
[Round "-"]
[White "Simon Green"]
[Black "DANDYLIONHONEYBADGER"]
[Result "1-0"]
[WhiteCountry "ENG"]
[BlackCountry "USA"]
[WhiteElo "1593"]
[WhiteRD "62"]
[BlackElo "1334"]
[BlackRD "59"]
[GameID "397771"]

1. e4 c6 2. d4 d5 3. Nd2 Nf6 4. e5 Ne4 5. Nxe4 dxe4 6. Be2 e6 7. Bf4 g5 8. Bd2 Nd7 9. f4 f6 10. Bh5+ Ke7
11. fxg5 fxe5 12. dxe5 Nxe5 13. g6 hxg6 14. Bg5+ Ke8 15. Qxd8+ Kf7 16. Qf6+ Kg8 17. Qxe5 Bg7 18. Qxe4 gxh5 19. Ne2 Bd7 20. O-O h4
21. Bxh4 Bxb2 22. Qg6+ Bg7 23. Rf7 Rh7 24. Rxd7 Rf8 25. Bg5 Kh8 26. Rd8 Rxd8 27. Bxd8 Bxa1 28. Bf6+ Bxf6 29. Qxf6+
1-0

[Event "EVERY START POSITION + VARIANT #9 'Caro-Kann&q"]
[Site "SchemingMind.com"]
[Date "2016.04.12"]
[Round "-"]
[White "DANDYLIONHONEYBADGER"]
[Black "Simon Green"]
[Result "0-1"]
[WhiteCountry "USA"]
[BlackCountry "ENG"]
[WhiteElo "1334"]
[WhiteRD "59"]
[BlackElo "1593"]
[BlackRD "62"]
[GameID "397772"]

1. e4 c6 2. d4 d5 3. Nd2 dxe4 4. Nxe4 Bf5 5. Bd3 Bxe4 6. Bxe4 e6 7. Be3 Nf6 8. f3 Be7 9. c3 Nbd7 10. Ne2 Nd5
11. Bd2 N7f6 12. Nf4 Bd6 13. g3 Nxe4 14. fxe4 Bxf4 15. Bxf4 Nxf4 16. gxf4 Qh4+ 17. Kd2 Qxf4+ 18. Ke2 Qxe4+ 19. Kd2 O-O-O 20. Qc2 Qg2+
21. Kd3 Qf3+ 22. Kc4 Qd5+ 23. Kd3 e5 24. Qa4 a6 25. c4 Qxd4+ 26. Ke2 Qd2+ 27. Kf1 Qf4+ 28. Ke1 Rd2 29. Rf1 Qe3#
0-1

[Event "EVERY START POSITION + VARIANT #9 'Caro-Kann&q"]
[Site "SchemingMind.com"]
[Date "2016.04.09"]
[Round "-"]
[White "emvarela"]
[Black "Scooter"]
[Result "1/2-1/2"]
[WhiteCountry "ARG"]
[BlackCountry "USA"]
[WhiteElo "1695"]
[WhiteRD "48"]
[BlackElo "1745"]
[BlackRD "53"]
[GameID "397828"]

1. e4 c6 2. d4 d5 3. Nd2 dxe4 4. Nxe4 Bf5 5. Ng3 Bg6 6. Nf3 Nd7 7. h4 h6 8. h5 Bh7 9. Bd3 Bxd3 10. Qxd3 Qc7
11. Bd2 O-O-O 12. O-O-O Ngf6 13. Ne4 Nxe4 14. Qxe4 Nf6 15. Qf4 Qxf4 16. Bxf4 e6 17. Ne5 Bd6 18. g3 Bxe5 19. Bxe5 Ng4 20. Rhf1 Nxe5
21. dxe5 c5 22. Rxd8+ Rxd8 23. Rd1 b5 24. Rxd8+ Kxd8 25. Kd2 c4 26. Ke3 Kc7 27. f4 Kc6 28. Kd4 a5 29. c3 Kb6 30. g4 Kc6
31. g5 Kb6 32. Ke4 Kc5 33. gxh6 gxh6 34. Ke3 b4 35. Ke4 Kc6 36. Kd4 Kb5 37. a4+ bxa3 38. bxa3 a4 39. Ke4 Kc5 40. Kf3=
1/2-1/2

[Event "EVERY START POSITION + VARIANT #9 'Caro-Kann&q"]
[Site "SchemingMind.com"]
[Date "2016.04.10"]
[Round "-"]
[White "Scooter"]
[Black "emvarela"]
[Result "1/2-1/2"]
[WhiteCountry "USA"]
[BlackCountry "ARG"]
[WhiteElo "1745"]
[WhiteRD "53"]
[BlackElo "1695"]
[BlackRD "48"]
[GameID "397829"]

1. e4 c6 2. d4 d5 3. Nd2 Qb6 4. Ngf3 dxe4 5. Nxe4 Bf5 6. Bd3 Bxe4 7. Bxe4 f6 8. O-O Nd7 9. c3 e6 10. Qb3 Qxb3
11. axb3 Bd6 12. Be3 Ne7 13. Bd3 O-O 14. h3 b5 15. Nd2 Nb6 16. Ra6 Rf7 17. Rfa1 Nbc8 18. Ne4 Bb8 19. Nc5 Nb6 20. Nxe6 Ned5
21. Nd8 Rc7 22. c4 Nb4 23. Rxb6 Nxd3 24. Nxc6 axb6 25. Rxa8 Rxc6 26. Rxb8+ Kf7 27. d5 Rd6 28. Rxb6 Rxb6 29. Bxb6 bxc4 30. bxc4 Nxb2
31. d6 Ke8 32. c5 Kd7 33. f4 Nc4 34. Ba7 g5 35. fxg5 fxg5 36. Kf2 Na5 37. Kg3 Nc6 38. Bb6 Ne5 39. h4 gxh4+ 40. Kxh4 Kc6
41. Kh5 Nf7 42. g4 Kd7 43. g5 Kc6 44. g6 hxg6+ 45. Kxg6 Nxd6 46. cxd6=
1/2-1/2

[Event "EVERY START POSITION + VARIANT #9 'Caro-Kann&q"]
[Site "SchemingMind.com"]
[Date "2016.04.09"]
[Round "-"]
[White "emvarela"]
[Black "ray winteringham"]
[Result "1-0"]
[WhiteCountry "ARG"]
[BlackCountry "ENG"]
[WhiteElo "1680"]
[WhiteRD "49"]
[BlackElo "1496"]
[BlackRD "54"]
[GameID "397830"]

1. e4 c6 2. d4 d5 3. Nd2 dxe4 4. Nxe4 Bf5 5. Ng3 Bg6 6. Nf3 e6 7. Bd3 Nf6 8. Bxg6 fxg6 9. O-O Bd6 10. Be3 Nbd7
11. c4 O-O 12. Qb3 Qb6 13. Qxb6 axb6 14. a3 c5 15. dxc5 bxc5 16. Rad1 Be7 17. Ng5 Ng4 18. Rxd7 Bxg5 19. Bxg5
1-0

[Event "EVERY START POSITION + VARIANT #9 'Caro-Kann&q"]
[Site "SchemingMind.com"]
[Date "2016.04.09"]
[Round "-"]
[White "ray winteringham"]
[Black "emvarela"]
[Result "0-1"]
[WhiteCountry "ENG"]
[BlackCountry "ARG"]
[WhiteElo "1505"]
[WhiteRD "53"]
[BlackElo "1695"]
[BlackRD "48"]
[GameID "397831"]

1. e4 c6 2. d4 d5 3. Nd2 dxe4 4. Nxe4 Bf5 5. f3 Bxe4 6. fxe4 Nf6 7. Bd3 e6 8. Bg5 Be7 9. Nf3 h6 10. Be3 O-O
11. e5 Nd5 12. Bd2 f6 13. O-O Nd7 14. Qc1 fxe5 15. Nxe5 Nxe5 16. dxe5 Bc5+ 17. Kh1 Rxf1+ 18. Qxf1 Qf8 19. Bg6 Qxf1+ 20. Rxf1 Rf8
21. Rd1 Nf4 22. Bxf4 Rxf4 23. a3 Rd4 24. Rf1 Rd2 25. h3 Bd4 26. Rf7 Rd1+ 27. Kh2 Bxe5+ 28. g3 Bxg3+ 29. Kxg3 Rg1+ 30. Kf2 Rxg6
31. Rxb7 Rf6+ 32. Kg3 Rf7 33. Rb3 g5 34. Rc3 Rc7 35. Re3 Kf7 36. Kg4 Kf6 37. c3 Rh7 38. b4 h5+ 39. Kg3 Re7 40. c4 Kf5
41. c5 h4+ 42. Kf3 Rd7 43. a4 Rd5 44. Rb3 e5 45. Ke3 e4 46. a5 g4 47. Ke2 Rd3 48. hxg4+ Kxg4 49. Rb1 h3 50. Rg1+ Rg3
51. b5 Rxg1
0-1

[Event "EVERY START POSITION + VARIANT #9 'Caro-Kann&q"]
[Site "SchemingMind.com"]
[Date "2016.04.09"]
[Round "-"]
[White "emvarela"]
[Black "Simon Green"]
[Result "1-0"]
[WhiteCountry "ARG"]
[BlackCountry "ENG"]
[WhiteElo "1693"]
[WhiteRD "50"]
[BlackElo "1600"]
[BlackRD "58"]
[GameID "397832"]

1. e4 c6 2. d4 d5 3. Nd2 dxe4 4. Nxe4 Nf6 5. Ng3 e6 6. Bg5 Be7 7. Bxf6 Bxf6 8. Nf3 O-O 9. c3 Nd7 10. Bd3 g6
11. O-O b5 12. Re1 Nb6 13. Qc2 Nd5 14. Ne4 Qe7 15. Nxf6+ Qxf6 16. Ne5 Ne7 17. Re3 Bb7 18. Nd7 Qg5 19. Nxf8 Rxf8 20. Rg3 Qf6
21. Re1 Nd5 22. Re5 Ne7 23. c4 bxc4 24. Bxc4 Nd5 25. Bxd5 cxd5 26. Qc7 Ba6 27. Qxa7 Bc4 28. b3 Bb5 29. Rf3 Qd8 30. a4 Bd7
31. Qc5 f6 32. Re1 Kg7 33. Rc1 Kf7 34. Qc7 Qxc7 35. Rxc7 Ke7 36. Rfc3 e5 37. b4 Kd6 38. Ra7 h5 39. Rcc7 Rd8 40. Rc5 exd4
41. Ra6+ Ke5 42. f4+ Kxf4 43. Rxd5 Ke3 44. Rad6
1-0

[Event "EVERY START POSITION + VARIANT #9 'Caro-Kann&q"]
[Site "SchemingMind.com"]
[Date "2016.04.09"]
[Round "-"]
[White "Simon Green"]
[Black "emvarela"]
[Result "0-1"]
[WhiteCountry "ENG"]
[BlackCountry "ARG"]
[WhiteElo "1593"]
[WhiteRD "62"]
[BlackElo "1695"]
[BlackRD "48"]
[GameID "397833"]

1. e4 c6 2. d4 d5 3. Nd2 Qb6 4. exd5 cxd5 5. Ngf3 Bg4 6. Be2 Bxf3 7. Nxf3 Nf6 8. b3 Nc6 9. Bb2 e6 10. O-O Bd6
11. g3 O-O 12. Ne5 Bxe5 13. dxe5 Nd7 14. Kg2 Ncxe5 15. Bd4 Qd6 16. c3 Nc6 17. Be3 a6 18. Bd3 Nce5 19. Bf4 Qc6 20. Qc2 Nxd3
21. Qxd3 e5 22. Bd2 Nc5 23. Qf3 Ne4 24. Rad1 Nxd2 25. Rxd2 Rad8 26. Re1 e4 27. Qe3 Rfe8 28. Rd4 Re5 29. f4 exf3+
0-1

[Event "EVERY START POSITION + VARIANT #9 'Caro-Kann&q"]
[Site "SchemingMind.com"]
[Date "2016.04.09"]
[Round "-"]
[White "emvarela"]
[Black "Chessibelle"]
[Result "1-0"]
[WhiteCountry "ARG"]
[BlackCountry "ENG"]
[WhiteElo "1652"]
[WhiteRD "47"]
[BlackElo "1195"]
[BlackRD "64"]
[GameID "397834"]

1. e4 c6 2. d4 d5 3. Nd2 Nf6 4. e5 Ng4 5. h3 Nh6 6. Bd3 Nf5 7. Bxf5 Bxf5 8. g4 Bg6 9. f4 Qb6 10. Ngf3 e6
11. Nb3 Be7 12. Be3 Na6 13. O-O f6 14. exf6 gxf6 15. c3 f5 16. g5 Qc7 17. Nh2 O-O 18. h4 b6 19. h5 Bf7 20. Qf3 c5
21. Qe2 c4 22. Nd2 Rfd8 23. Kh1 Qd7 24. g6 hxg6 25. hxg6 Bxg6 26. Rg1 Kf7 27. Rxg6 Rh8 28. Rag1 Rag8 29. Rxg8 Rxg8 30. Qh5+ Kf8
31. Qh6+ Kf7 32. Qh7+
1-0

[Event "EVERY START POSITION + VARIANT #9 'Caro-Kann&q"]
[Site "SchemingMind.com"]
[Date "2016.04.09"]
[Round "-"]
[White "Chessibelle"]
[Black "emvarela"]
[Result "0-1"]
[WhiteCountry "ENG"]
[BlackCountry "ARG"]
[WhiteElo "1195"]
[WhiteRD "64"]
[BlackElo "1652"]
[BlackRD "47"]
[GameID "397835"]

1. e4 c6 2. d4 d5 3. Nd2 g6 4. Ngf3 Bg7 5. Nb3 dxe4 6. Ng5 h6 7. Nxe4 Bf5 8. Bd3 Bxe4 9. Bxe4 Nf6 10. Bd3 O-O
11. O-O Nbd7 12. Nd2 e5 13. Nb3 exd4 14. Nxd4 Nc5 15. Bc4 Qc7 16. g3 Rad8 17. b4 Ncd7 18. Bf4 Qb6 19. Be3 Nd5 20. c3 Nxe3
21. fxe3 Ne5 22. Bb3 c5 23. Qe2 cxd4 24. cxd4 Nc6 25. Rad1 Nxb4 26. Qf3 Qc7 27. a3 Nc6 28. Qg4 Qd6 29. a4 Qe7 30. Qxg6 Qxe3+
31. Kg2 Qxb3 32. Kh3 fxg6 33. Rfe1 Qxa4 34. g4 Rxd4 35. Rg1 Rf3+ 36. Kg2 Rxg4+ 37. Kh1 Rxg1+ 38. Rxg1 Qe4
0-1